00000000nam##2200000za#4500
0019.662442
003CaOODSP
00520200330131808
007ta
008150407|2001||||xxc|||||     f|0| 0 fre|d
020 |a0-662-65438-2
040 |aCaOODSP|bfre
041 |aeng
041 |afre
043 |an-cn---
0861 |aEn40-617/2001
1101 |aCanada. |bEnvironnement Canada.
24510|aDe l'air pur pour les Canadiens
260 |aOttawa - Ontario : |bEnvironnement Canada |c2001.
300 |aTexte français, 8p. ; |c28 cm.
500 |aDonnées de catalogage avant publication (Canada) imprimées dans cette publication. N.B.: Le numéro de catalogue (EN40-617/2001F) et le numéro ISBN (0-662-85444-6) imprimés dans cette publication sont incorrects.
546 |aBilingue
563 |aCouverture souple
590 |a01-40|b2001-10-05
7760#|tProviding cleaner air to Canadians |w(CaOODSP)9.696173
791 |tProviding cleaner air to Canadians |eeng|w(CaOODSP)9.662441